1241 1543 1203 1975 1814 1186 1261 1296 1142 1083 1475 1814 1629 1815 1583 1949 1899 1771 1120 1224 1301 1250 1849 1990 1942 1481 1810 1498 1030 1329 1178 1437 1770 1179 1954 1824 1814 1818 1619 1653 1881 1977 1427 1128 1788 1071 1737 1043 1717 1396 1627 1926 1293 1103 1550 1473 1890 1121 1925 1775 1708 1679 1353 1951 1947 1741 1567 1013 1408 1773 1873 1389 1695 1078 1759 1332 1698 1912 1734 1122 1209 1253 1528 1635 1384 1895 1653 1018 1793 1968 1950 1018 1310 1700 1793 1724 1684 1777 1243 BCNSPRNW ULIB Ver.6.0+V

เปลี่ยนเป็นภาษาไทย

Change to English
 แสดงรายละเอียดบรรณานุกรม
  กลับหน้าหลัก

Brief Record : Get Marc (ISO 2709) : E-mail record : QR code < ปิดหน้าต่าง
LEADER : 00000nam 2200000uu 4500
001    13399124055
003     ULIB
008    150106s2554||||th 000 0 tha d
020    9789740720508
060  4 ^aQS4^bว365ห
100 0  ^aริชาร์ด วอล์คเกอร์
245 10 ^aร่างกายของมนุษย์ หัวใจ : เลือดวิ่งไปทั่วร่งกายได้อย่างไร /^cโดยริชาร์ด วอล์คเกอร์ แปลโดย ธรรมนูญ โรจนะบุรานนท์
246 32 ^aเลือดวิ่งไปทั่วร่างกายได้อย่างไร
250    ^aพิมพ์ครั้งที่ 4
260    ^aกรุงเทพฯ :^bไทยวัฒนาพานิช,^c2554
500    ^aระบบหัวใจ
650  7 ระบบหัวใจ
650  7 เลือด
700 0  ธรรมนูญ โรจนะบุรานนท์,^eผู้แปล
945    ^p330^l0^i037982
945    ^p330^l0^i037983
945    ^p330^l0^i037984
945    ^p330^l0^i037985
945    ^p330^l0^i037986
999    ^aเกษร โพธิ์สุวรรณ
รายการนี้ยังไม่มีแท็ก
คุณยังไม่ได้ล็อกอิน คุณสามารถมีกิจกรรมร่วมกับเว็บไซต์ได้ แต่ต้องล็อกอินก่อน ::
  ล็อกอิน

รายการสื่อสารสนเทศ

ลำดับที่ ประเภท เลขเรียก/บาร์โค้ด สถานที่ สถานะ
1. วิทยาศาสตร์การแพทย์ และสุขภาพ
หนังสือสำรอง
สถานะ=หนังสือสำรอง
QS4 ว365ห ฉ.1 
  Barcode: 037982
ห้องสมุดวิทยาเขตสวรรค์ประชารักษ์
►ส่วนจัดเก็บหนังสือเก่า สปร
บนชั้น
  ขอยืม
2. วิทยาศาสตร์การแพทย์ และสุขภาพ
วิทยาศาสตร์การแพทย์ และสุขภาพ
QS4 ว365ห ฉ.2 
  Barcode: 037983
ห้องสมุดวิทยาเขตสวรรค์ประชารักษ์
►ส่วนจัดเก็บหนังสือเก่า สปร
บนชั้น
  ขอยืม
3. วิทยาศาสตร์การแพทย์ และสุขภาพ
วิทยาศาสตร์การแพทย์ และสุขภาพ
QS4 ว365ห ฉ.3 
  Barcode: 037984
ห้องสมุดวิทยาเขตสวรรค์ประชารักษ์
►ส่วนจัดเก็บหนังสือเก่า สปร
บนชั้น
  ขอยืม
4. วิทยาศาสตร์การแพทย์ และสุขภาพ
วิทยาศาสตร์การแพทย์ และสุขภาพ
QS4 ว365ห ฉ.4 
  Barcode: 037985
ห้องสมุดวิทยาเขตสวรรค์ประชารักษ์
►ส่วนจัดเก็บหนังสือเก่า สปร
บนชั้น
  ขอยืม
5. วิทยาศาสตร์การแพทย์ และสุขภาพ
วิทยาศาสตร์การแพทย์ และสุขภาพ
QS4 ว365ห ฉ.5 
  Barcode: 037986
ห้องสมุดวิทยาเขตสวรรค์ประชารักษ์
►ส่วนจัดเก็บหนังสือเก่า สปร
บนชั้น
  ขอยืม

รายการใกล้เคียง
    ผู้แต่ง [ริชาร์ด วอล์คเกอร์]

    หัวเรื่อง [ระบบหัวใจ]
    หัวเรื่อง [เลือด]

BibComment


ยังไม่เคยถูกคอมเมนท์

คอมเมนท์ทรัพยากรรายการนี้
  คอมเมนท์: ร่างกายของมนุษย์..


 Copyright 2026. Bcnsprnw @Library